000 00243nam a2200097Ia 4500
001 662963
005 20250826160203.0
008 250824s9999 xx 000 0 und d
245 0 _aKocakafa Nate 2/Tekrar Sahnede
_cLincoln Peirce
260 _bALTIN
999 _c662963
_d662963